| 000 | 00573nam a22001577a 4500 | ||
|---|---|---|---|
| 003 | OSt | ||
| 005 | 20240416143458.0 | ||
| 008 | 240416b |||||||| |||| 00| 0 eng d | ||
| 040 | _cMRSPTU | ||
| 100 | _aDeepti,Shyam Sunder (ਦੀਪਤੀ, ਸ਼ਿਆਮ ਸੁੰਦਰ) | ||
| 245 | _aVihin Sadi Diyan Shareshth Hindi Minni Kahanian (ਵੀਹਵੀਂ ਸਦੀ ਦੀਆਂ ਸ੍ਰੇਸ਼ਟ ਹਿੰਦੀ ਮਿੰਨੀ ਕਹਾਣੀਆਂ | ||
| 250 | _a1st | ||
| 260 |
_aPunjab _bBalraj Sahni Yadgaar Parkashan _c2000 |
||
| 300 | _a88 | ||
| 942 |
_2ddc _cBK _n0 |
||
| 999 |
_c10056 _d10056 |
||